000 00424nam a2200133 4500
008 759.966.9 D675r2
020 _a3934545041
082 _a759.966.9
_bD675r2
100 _aDonald Odita, Odili
_96420
245 _aRoots II Spuren
260 _aAlemania
_bVerlag Schuster Edition
300 _a72 p.
_bill (col)
_c21 x 15 cm
650 _xarte contemporáneo
_xarte - exhibiciones
_xPintura
_xNigeria
_xArte - mujeres
_xDonald, Odili
_96421
999 _c1508
_d1508